[Event "IECC CL5-2001.23"]
[Site "IECC email"]
[Date "2001.08.04"]
[Round "?"]
[White "Winkel, Bjarne"]
[Black "Mattila, Jarno"]
[Result "1-0"]
[WhiteElo "1614"]
[BlackElo "1404"]
[PlyCount "61"]
[EventDate "2001.??.??"]
[EventType "tourn (corr)"]
[EventRounds "4"]
[SourceTitle "Corr 2008"]
[Source "ChessBase"]
[SourceDate "2008.06.24"]
[SourceVersion "1"]
[SourceVersionDate "2008.06.24"]
[SourceQuality "1"]

1. e4 c5 2. Nf3 d6 3. d4 cxd4 4. Nxd4 Nf6 5. Nc3 g6 6. g3 Bg7 7. Bg2 0-0 8. 0-0 a6 9. Re1 e5 10. Nf3 Nc6 11. Bg5 h6 12. Bxf6 Bxf6 13. Qd3 Nb4 14. Qd2 Qe7 15. Na4 Nc6 16. Nb6 Rb8 17. Nd5 Qd8 18. Nxf6+ Qxf6 19. Qxh6 Qg7 20. Qg5 Be6 21. a3 f6 22. Qe3 b5 23. Rad1 Rfd8 24. Rd2 d5 25. exd5 Bxd5 26. Nxe5 Bxg2 27. Nxc6 Bxc6 28. Rxd8+ Rxd8 29. Qe6+ Qf7 30. Qxc6 f5 31. Qxa6 1-0

[Event "IECC CL5-2001.16"]
[Site "IECC email"]
[Date "2001.06.07"]
[Round "?"]
[White "Mattila, Jarno"]
[Black "Winkel, Bjarne"]
[Result "0-1"]
[WhiteElo "1413"]
[BlackElo "1580"]
[PlyCount "68"]
[EventDate "2001.??.??"]
[EventType "tourn (corr)"]
[EventRounds "4"]
[SourceTitle "Corr 2008"]
[Source "ChessBase"]
[SourceDate "2008.06.24"]
[SourceVersion "1"]
[SourceVersionDate "2008.06.24"]
[SourceQuality "1"]

1. d4 Nf6 2. c4 g6 3. Nc3 Bg7 4. e4 d6 5. Nf3 c5 6. dxc5 Qa5 7. cxd6 Nxe4 8. Qa4+ Qxa4 9. Nxa4 Bd7 10. Bd3 Nxd6 11. Nc5 Bc6 12. 0-0 Bxf3 13. gxf3 Nc6 14. Rb1 0-0-0 15. b4 b6 16. Ne4 Nf5 17. Bc2 Nfd4 18. Bd1 Ne5 19. c5 Ndxf3+ 20. Kg2 Nh4+ 21. Kg3 Rd4 22. Kxh4 Rxe4+ 23. Kg3 Rd8 24. cxb6 axb6 25. f3 Red4 26. Bc2 Nc4 27. Re1 Nd2 28. Bxd2 Rxd2 29. Bb3 e6 30. Re4 Bf8 31. h4 R8d3 32. Kf4 h6 33. Rc4+ Kb7 34. Ke4 Bd6 0-1

[Event "IECC CL5-2000.29"]
[Site "IECC email"]
[Date "2000.09.15"]
[Round "?"]
[White "Mattila, Jarno"]
[Black "Stone, Stephan"]
[Result "0-1"]
[WhiteElo "1428"]
[BlackElo "1326"]
[PlyCount "40"]
[EventDate "2000.??.??"]
[EventType "tourn (corr)"]
[EventRounds "4"]
[SourceTitle "Corr 2008"]
[Source "ChessBase"]
[SourceDate "2008.06.24"]
[SourceVersion "1"]
[SourceVersionDate "2008.06.24"]
[SourceQuality "1"]

1. e4 c5 2. Nf3 d6 3. d4 cxd4 4. Nxd4 e5 5. Nb5 Be7 6. N1c3 a6 7. Na3 Nf6 8. Bg5 b5 9. Bxf6 Bxf6 10. Nd5 Bh4 11. c3 Nd7 12. Bxb5 axb5 13. Nxb5 0-0 14. Nxd6 Ba6 15. Qg4 Nc5 16. Kd1 Nd3 17. Rf1 Nxb2+ 18. Kc2 Qxd6 19. Qxh4 Bd3+ 20. Kxb2 Qa3# 0-1

[Event "IECC CL5-2000.29"]
[Site "IECC email"]
[Date "2000.09.15"]
[Round "?"]
[White "Mattila, Jarno"]
[Black "Tan, Jacinto"]
[Result "1-0"]
[WhiteElo "1414"]
[BlackElo "1377"]
[PlyCount "73"]
[EventDate "2000.??.??"]
[EventType "tourn (corr)"]
[EventRounds "4"]
[SourceTitle "Corr 2008"]
[Source "ChessBase"]
[SourceDate "2008.06.24"]
[SourceVersion "1"]
[SourceVersionDate "2008.06.24"]
[SourceQuality "1"]

1. d4 e6 2. e4 d5 3. Nc3 Bb4 4. e5 c5 5. a3 Bxc3+ 6. bxc3 Ne7 7. f4 Nf5 8. Nf3 Nc6 9. Bd3 Nce7 10. 0-0 Qb6 11. g4 cxd4 12. gxf5 dxc3+ 13. Kh1 exf5 14. Nd4 Bd7 15. Be3 Qh6 16. Bb5 Bc6 17. Qd3 Rc8 18. Nxc6 bxc6 19. Ba6 Rc7 20. Qxc3 0-0 21. Bc5 Re8 22. Rab1 Ng6 23. Qg3 Nf8 24. Bd6 Rd7 25. Bb7 Rxd6 26. exd6 Qxd6 27. Qc3 c5 28. Qd3 d4 29. Qxf5 g6 30. Qd5 Qf6 31. Qxc5 Re2 32. Qc4 Qe7 33. Bf3 Re3 34. Rb7 Qf6 35. Rxa7 Rc3 36. Qa2 Qxf4 37. Bg2 1-0

[Event "IECC CL5-1999.20"]
[Site "IECC email"]
[Date "1999.07.19"]
[Round "?"]
[White "Williams, Derek"]
[Black "Mattila, Jarno"]
[Result "1-0"]
[WhiteElo "1365"]
[BlackElo "1471"]
[PlyCount "55"]
[EventDate "1999.??.??"]
[EventType "tourn (corr)"]
[EventRounds "4"]
[SourceTitle "Corr 2008"]
[Source "ChessBase"]
[SourceDate "2008.06.24"]
[SourceVersion "1"]
[SourceVersionDate "2008.06.24"]
[SourceQuality "1"]

1. d4 d5 2. Bf4 e6 3. e3 Nf6 4. Nf3 c5 5. Nc3 Qa5 6. Bb5+ Bd7 7. Bxd7+ Nbxd7 8. 0-0 cxd4 9. exd4 Bb4 10. Bd2 Rc8 11. a3 Bxc3 12. Bxc3 Qc7 13. Nd2 0-0 14. Re1 Rfe8 15. Rc1 Qf4 16. Qe2 e5 17. dxe5 d4 18. g3 Qf5 19. Bxd4 Rxc2 20. Rxc2 Qxc2 21. f4 a6 22. Qd1 Qxd1 23. Rxd1 Nd5 24. Ne4 b5 25. Bf2 N5b6 26. Rd6 Re6 27. Rxe6 fxe6 28. Ng5 1-0

[Event "IECC CL5-1999.10"]
[Site "IECC email"]
[Date "1999.03.28"]
[Round "?"]
[White "Mattila, Jarno"]
[Black "MacDonald, Weldon"]
[Result "1-0"]
[WhiteElo "1498"]
[BlackElo "1420"]
[PlyCount "59"]
[EventDate "1999.??.??"]
[EventType "tourn (corr)"]
[EventRounds "4"]
[SourceTitle "Corr 2008"]
[Source "ChessBase"]
[SourceDate "2008.06.24"]
[SourceVersion "1"]
[SourceVersionDate "2008.06.24"]
[SourceQuality "1"]

1. e4 c5 2. Nf3 d6 3. d4 cxd4 4. Nxd4 Nf6 5. Nc3 g6 6. Be3 Bg7 7. Bc4 e6 8. Bb3 a6 9. f3 0-0 10. Qd2 Nc6 11. 0-0-0 d5 12. Nxc6 bxc6 13. e5 Nd7 14. f4 c5 15. Nxd5 Bb7 16. Nc3 Nxe5 17. fxe5 Bxe5 18. Qf2 Bd4 19. Bxd4 cxd4 20. Rxd4 Qg5+ 21. Kb1 Rae8 22. Ne4 Bxe4 23. Rxe4 h6 24. h4 Qd8 25. Rd4 Qc7 26. Rhd1 Re7 27. g4 e5 28. Rd6 Kh7 29. h5 Qc8 30. Qf6 1-0